000 00767cam a22002413a 4500
001 17569
003 PGUSA
005 20140828083356.0
008 060121s2006||||xxu|||||s|||||000 | eng d
040 _aPGUSA
_beng
042 _adc
050 4 _aTF
100 1 _aInterborough Rapid Transit Company
245 1 4 _aThe New York Subway, Its Construction and Equipment
_h[electronic resource] /
_cInterborough Rapid Transit Company
260 _bProject Gutenberg,
_c2006
506 _aPublic domain in the USA.
516 _aElectronic text
653 _aSubways -- New York (State) -- New York
653 _aLocal transit -- New York (State) -- New York
830 0 _aProject Gutenberg
_v17569
856 4 0 _uhttp://www.gutenberg.org/ebooks/17569
942 _cEB
999 _c246824
_d246824